000 00855nam a2200289Ia 4500
001 dia_233
003 CHAP
005 20251023152147.0
008 220117s1966 xx 000 0 und d
010 _a172591
020 _a968-26-0876-7
040 _cCHAP
082 _a621.31 C36 1966
100 _aCamarena M., Pedro
_917726
245 _aManual de instalaciones eléctricas residenciales /
_c Pedro Camarena M. y Oscar Schrader Camarena
260 _aMéxico :
_b CECSA,
_c1966
300 _a191 p.
503 _aD.
590 _aTK3271 C36 1966
650 _aElectric wiring
_9149731
650 _aInstalaciones eléctricas
_958971
700 _aSchrader Camarena, Oscar, coaut.
_9152162
901 _a621.31 C36 1966
902 _aA
905 _a5232271966 mx aemn8222223322spa16
942 _cLIBRO
_2ddc
999 _c172591
_d172591